[Event "Ruhrgebiet Verbandsliga1 1112"]
[Site "Nordrheinwestfalen"]
[Date "2012.01.08"]
[Round "5.8"]
[White "Klobuschinski, Lukas"]
[Black "Kelm, Marcel"]
[Result "1-0"]
[WhiteElo "1886"]
[BlackElo "1930"]
[PlyCount "49"]
[EventDate "2012.09.18"]
[EventType "team-tourn"]
[EventRounds "9"]
[EventCountry "GER"]
[SourceTitle "EXT 2020"]
[Source "ChessBase"]
[SourceDate "2019.10.17"]
[SourceVersion "1"]
[SourceVersionDate "2019.10.17"]
[SourceQuality "1"]
[WhiteTeam "Horst Emscher II"]
[BlackTeam "Muelheim Nord III"]
[WhiteTeamCountry "GER"]
[BlackTeamCountry "GER"]

1. e4 e6 2. d4 d5 3. Nd2 Nc6 4. c3 e5 5. Bb5 exd4 6. cxd4 Nf6 7. e5 Nd7 8. Ne2 Be7 9. Qa4 Ndb8 10. 0-0 0-0 11. f4 f6 12. Nf3 fxe5 13. dxe5 Bc5+ 14. Kh1 Ne7 15. Qc2 Bb6 16. Bd3 Bf5 17. Bxf5 Nxf5 18. Ng5 Qd7 19. g4 h6 20. gxf5 hxg5 21. fxg5 Re8 22. f6 Rf8 23. Nf4 Qb5 24. Rf3 Nc6 25. Qg6 1-0

[Event "Ruhrgebiet VL2 0910"]
[Site "Germany"]
[Date "2010.01.10"]
[Round "5.4"]
[White "Hufelschulte, Norbert"]
[Black "Klobuschinski, Lukas"]
[Result "1-0"]
[WhiteElo "2005"]
[BlackElo "1961"]
[PlyCount "89"]
[EventDate "2009.09.06"]
[EventType "team-tourn"]
[EventRounds "9"]
[EventCountry "GER"]
[SourceTitle "EXT 2011"]
[Source "ChessBase"]
[SourceDate "2010.11.26"]
[SourceVersion "1"]
[SourceVersionDate "2010.11.26"]
[SourceQuality "1"]
[WhiteTeam "Hamm SVg"]
[BlackTeam "Horst Emscher II"]
[WhiteTeamCountry "GER"]
[BlackTeamCountry "GER"]

1. d4 Nf6 2. c4 e6 3. Nc3 Bb4 4. Qc2 d5 5. e3 0-0 6. Nf3 c5 7. a3 Bxc3+ 8. bxc3 Nc6 9. Bd3 Re8 10. 0-0 e5 11. cxd5 Qxd5 12. e4 Qd6 13. d5 Ne7 14. Bb2 Bd7 15. c4 Ng6 16. Rfe1 Rab8 17. a4 a6 18. a5 b5 19. axb6 Rxb6 20. Bc3 Bg4 21. Nd2 Nf4 22. Bf1 h5 23. h3 Bd7 24. Reb1 Rxb1 25. Rxb1 g5 26. Qb2 g4 27. Qb6 Qe7 28. h4 Nh7 29. g3 Nh3+ 30. Kg2 f5 31. Qg6+ Qg7 32. exf5 Qxg6 33. fxg6 Nf6 34. Re1 Bf5 35. Rxe5 Rxe5 36. Bxe5 Nd7 37. Bc3 Bxg6 38. f3 Bf5 39. Be2 Nb6 40. Ba5 Nd7 41. Bc3 Nb6 42. Ba5 Nd7 43. Bc7 Kf7 44. Nf1 a5 45. Ne3 1-0

[Event "GER-chT U20"]
[Site "Arendsee"]
[Date "2008.12.29"]
[Round "5.6"]
[White "Kabitzke, Julian"]
[Black "Klobuschinski, Lukas"]
[Result "0-1"]
[WhiteElo "1850"]
[BlackElo "1854"]
[PlyCount "82"]
[EventDate "2008.12.27"]
[EventType "team-swiss"]
[EventRounds "7"]
[EventCountry "GER"]
[SourceTitle "CBM 128 Extra"]
[Source "ChessBase"]
[SourceDate "2009.03.05"]
[SourceVersion "2"]
[SourceVersionDate "2009.03.25"]
[SourceQuality "1"]
[WhiteTeam "Chemnitz USG"]
[BlackTeam "Brackel"]
[WhiteTeamCountry "GER"]
[BlackTeamCountry "GER"]

1. e4 c5 2. Nf3 Nc6 3. d4 cxd4 4. Nxd4 Nf6 5. Nc3 e5 6. Ndb5 d6 7. Bg5 a6 8. Na3 b5 9. Nd5 Be7 10. Bxf6 Bxf6 11. c3 0-0 12. Nc2 Bg5 13. a4 bxa4 14. Rxa4 a5 15. Bc4 Be6 16. h4 Bh6 17. g4 Bf4 18. Nce3 Rb8 19. b3 Re8 20. Nf5 Kh8 21. Nxf4 Bxf5 22. gxf5 exf4 23. Bxf7 Re5 24. Kf1 Rc5 25. Rc4 Qf6 26. Rxc5 dxc5 27. Bd5 Ne7 28. c4 Qc3 29. Kg2 Rxb3 30. Qh5 g6 31. fxg6 Nxg6 32. Qg4 f3+ 33. Kh3 Qe5 34. Qc8+ Kg7 35. Rg1 Qh5 36. Rg4 Rb1 37. Qf5 Rh1+ 38. Kg3 Rg1+ 39. Kxf3 Qxg4+ 40. Qxg4 Rxg4 41. Kxg4 a4 0-1

[Event "GER-chT U20"]
[Site "Arendsee"]
[Date "2008.12.28"]
[Round "4.6"]
[White "Klobuschinski, Lukas"]
[Black "Wang, Julia"]
[Result "1-0"]
[WhiteElo "1854"]
[BlackElo "1474"]
[PlyCount "87"]
[EventDate "2008.12.27"]
[EventType "team-swiss"]
[EventRounds "7"]
[EventCountry "GER"]
[SourceTitle "CBM 128 Extra"]
[Source "ChessBase"]
[SourceDate "2009.03.05"]
[SourceVersion "2"]
[SourceVersionDate "2009.03.25"]
[SourceQuality "1"]
[WhiteTeam "Brackel"]
[BlackTeam "Heilbronn"]
[WhiteTeamCountry "GER"]
[BlackTeamCountry "GER"]

1. e4 c6 2. d4 d5 3. exd5 cxd5 4. Nf3 Nc6 5. Bd3 Nf6 6. 0-0 Bg4 7. c3 e6 8. Bg5 Be7 9. Nbd2 0-0 10. Re1 a6 11. Bb1 h6 12. Bh4 b5 13. h3 Bf5 14. Bxf5 exf5 15. Ne5 Rc8 16. Bxf6 Bxf6 17. Qf3 Bxe5 18. dxe5 d4 19. Nb3 dxc3 20. Qxc3 b4 21. Qc5 Qg5 22. e6 Qf6 23. Qc4 Ne5 24. Qd4 Ng6 25. Qxf6 gxf6 26. Nd4 fxe6 27. Rxe6 Rc5 28. Rxa6 Rd5 29. Nc6 f4 30. Nxb4 Rg5 31. Kh2 f3 32. Rg1 Nh4 33. g3 Nf5 34. Nd5 Rg6 35. g4 Nd4 36. Ne7+ Kf7 37. Nxg6 Kxg6 38. Rd1 Ne2 39. Rd3 h5 40. gxh5+ Kxh5 41. Rxf3 Kg5 42. Ra4 f5 43. Re3 Nf4 44. Rg3+ 1-0

[Event "Dortmund Sparkassen op-B"]
[Site "Dortmund"]
[Date "2008.07.05"]
[Round "8"]
[White "Klobuschinski, Lukas"]
[Black "Herrmann, Christoph"]
[Result "1/2-1/2"]
[WhiteElo "1894"]
[BlackElo "1833"]
[PlyCount "71"]
[EventDate "2008.06.30"]
[EventType "swiss"]
[EventRounds "9"]
[EventCountry "GER"]
[SourceTitle "EXT 2022"]
[Source "ChessBase"]
[SourceDate "2021.10.06"]
[SourceVersion "1"]
[SourceVersionDate "2021.10.06"]
[SourceQuality "1"]

1. e4 c5 2. Nf3 d6 3. d4 cxd4 4. Nxd4 Nf6 5. Nc3 a6 6. Be3 e6 7. Be2 Be7 8. 0-0 Qc7 9. f4 0-0 10. Bf3 Nc6 11. g4 Nxd4 12. Bxd4 Nd7 13. Qe2 b5 14. a3 Bb7 15. f5 Ne5 16. Kh1 Rac8 17. Qg2 Qc4 18. Rad1 Nxf3 19. Qxf3 e5 20. Be3 h6 21. Rf2 a5 22. Nd5 Bxd5 23. Rxd5 Rfd8 24. Bb6 Rd7 25. Bxa5 Bd8 26. Bb4 Be7 27. b3 Qc6 28. Qd3 Rb8 29. Rd2 f6 30. c4 bxc4 31. bxc4 Rc8 32. c5 Ra8 33. Rc2 Rc7 34. Qb3 Kh7 35. Qe3 dxc5 36. Qc3 1/2-1/2

[Event "Dortmund Sparkassen op-B"]
[Site "Dortmund"]
[Date "2008.07.03"]
[Round "6"]
[White "Klobuschinski, Lukas"]
[Black "Wickenfeld, Stefan"]
[Result "0-1"]
[WhiteElo "1894"]
[BlackElo "1658"]
[PlyCount "66"]
[EventDate "2008.06.30"]
[EventType "swiss"]
[EventRounds "9"]
[EventCountry "GER"]
[SourceTitle "EXT 2022"]
[Source "ChessBase"]
[SourceDate "2021.10.06"]
[SourceVersion "1"]
[SourceVersionDate "2021.10.06"]
[SourceQuality "1"]

1. e4 e5 2. Nf3 Nc6 3. Bc4 Bc5 4. b4 Bxb4 5. c3 Bc5 6. d4 exd4 7. cxd4 Bb4+ 8. Bd2 Qe7 9. 0-0 Bxd2 10. Nbxd2 d6 11. Re1 Qd8 12. Qb3 Nh6 13. d5 Nb8 14. e5 0-0 15. e6 Re8 16. Ne4 Kh8 17. Neg5 f6 18. Nh3 c6 19. Rac1 Ng4 20. Qc2 Ne5 21. Nxe5 fxe5 22. f4 cxd5 23. Ng5 Qb6+ 24. Kh1 g6 25. Bxd5 Na6 26. f5 Nb4 27. Qa4 Bxe6 28. Bxe6 Nd3 29. Rf1 Re7 30. f6 Rc7 31. Rxc7 Nf2+ 32. Kg1 Nh3+ 33. Kh1 Qg1+ 0-1

[Event "Dortmund op-A"]
[Site "Dortmund"]
[Date "2007.06.23"]
[Round "2"]
[White "Klobuschinski, Lukas"]
[Black "Klein, Hans Joachim"]
[Result "1-0"]
[WhiteElo "1830"]
[BlackElo "1946"]
[PlyCount "89"]
[EventDate "2007.06.22"]
[EventType "swiss"]
[EventRounds "9"]
[EventCountry "GER"]
[SourceTitle "EXT 2008"]
[Source "ChessBase"]
[SourceDate "2007.11.25"]
[SourceVersion "1"]
[SourceVersionDate "2007.11.25"]
[SourceQuality "1"]

1. e4 e5 2. Nf3 Nc6 3. Bc4 Bc5 4. b4 Bxb4 5. c3 Bd6 6. d4 h6 7. 0-0 Nf6 8. Bd5 Qe7 9. Re1 0-0 10. Nbd2 Nd8 11. Nc4 Nxd5 12. exd5 e4 13. Nfd2 f5 14. Nxd6 Qxd6 15. Qb3 Rf7 16. Ba3 Qf4 17. Bc1 Qh4 18. d6 cxd6 19. Nc4 Ne6 20. Nxd6 Rf6 21. Ba3 Qg4 22. h3 Qg6 23. Re3 Kh8 24. Kh1 Ng5 25. Nxc8 Rxc8 26. Qxb7 Re8 27. Qxd7 f4 28. Ree1 f3 29. g3 Rf5 30. h4 Nh7 31. Be7 Qf7 32. Rxe4 Nf6 33. Qxf5 Rxe7 34. Rxe7 Qxe7 35. Qxf3 Qd7 36. Rb1 Qe8 37. Qf4 Qg6 38. Rb8+ Kh7 39. Rb5 Kh8 40. Rc5 h5 41. Qf5 Ng4 42. Kg2 Qxf5 43. Rxf5 g6 44. Rf7 g5 45. Rxa7 1-0

[Event "Ruhrgebiet-ch U14"]
[Site "Muelheim"]
[Date "2004.04.06"]
[Round "5"]
[White "Korste, Sebastian"]
[Black "Klobuschinski, Lukas"]
[Result "1/2-1/2"]
[WhiteElo "1349"]
[BlackElo "1377"]
[PlyCount "125"]
[EventDate "2004.04.??"]
[EventType "swiss"]
[EventRounds "7"]
[EventCountry "GER"]
[SourceTitle "EXT 2005"]
[Source "ChessBase"]
[SourceDate "2004.11.15"]
[SourceVersion "1"]
[SourceVersionDate "2004.11.15"]
[SourceQuality "1"]

1. c4 Nf6 2. Nc3 g6 3. Nf3 Bg7 4. d4 d6 5. e4 Bg4 6. Be2 0-0 7. 0-0 Nbd7 8. Re1 e5 9. d5 Nc5 10. Ng5 Bxe2 11. Qxe2 h6 12. Nf3 a5 13. b3 Nfd7 14. Rb1 c6 15. b4 axb4 16. Rxb4 Qa5 17. a3 Rfb8 18. Qc2 Qc7 19. a4 Ra7 20. Be3 Rba8 21. Ra1 Ra6 22. Rb2 Nb6 23. Bxc5 dxc5 24. Nd2 h5 25. Raa2 Bh6 26. Ncb1 cxd5 27. exd5 Nd7 28. Nc3 Bxd2 29. Qxd2 Qa5 30. Qc2 Rb6 31. Nb5 Rf6 32. g3 Re8 33. Qc3 Qxc3 34. Nxc3 Rf3 35. Ne4 b6 36. a5 Ra8 37. axb6 Rxa2 38. Rxa2 Nxb6 39. d6 Rd3 40. Rd2 Rxd2 41. Nxd2 f5 42. f3 Kf7 43. h3 Ke6 44. g4 hxg4 45. hxg4 Kxd6 46. Kg2 Ke6 47. gxf5+ gxf5 48. Kg3 Kf6 49. Kh4 Kg6 50. Nb3 Nd7 51. Kg3 Kg5 52. Na5 e4 53. fxe4 fxe4 54. Nb3 Kf5 55. Kf2 Kf4 56. Nc1 e3+ 57. Ke2 Ke4 58. Nb3 Kf4 59. Nc1 Nf6 60. Nd3+ Ke4 61. Nxc5+ Kd4 62. Ne6+ Kxc4 63. Kxe3 1/2-1/2

[Event "Ruhrgebiet-ch U14"]
[Site "Muelheim"]
[Date "2004.04.06"]
[Round "6"]
[White "Luft, Dennis"]
[Black "Klobuschinski, Lukas"]
[Result "1/2-1/2"]
[WhiteElo "1774"]
[BlackElo "1377"]
[PlyCount "37"]
[EventDate "2004.04.??"]
[EventType "swiss"]
[EventRounds "7"]
[EventCountry "GER"]
[SourceTitle "EXT 2005"]
[Source "ChessBase"]
[SourceDate "2004.11.15"]
[SourceVersion "1"]
[SourceVersionDate "2004.11.15"]
[SourceQuality "1"]

1. e4 c5 2. Nf3 e6 3. d4 cxd4 4. Nxd4 Nf6 5. Nc3 Nc6 6. Be3 Bb4 7. Bd3 d5 8. exd5 Nxd5 9. 0-0 0-0 10. Nxd5 Qxd5 11. h3 Bd7 12. a3 Ba5 13. c4 Qe5 14. Nf3 Qxb2 15. Bxh7+ Kxh7 16. Ng5+ Kg8 17. Rb1 Qf6 18. Qxd7 Ne5 19. Qb5 1/2-1/2

[Event "Gelsenkirchen-ch U16"]
[Site "Gelsenkirchen"]
[Date "2003.07.17"]
[Round "15"]
[White "Butschek, Marc"]
[Black "Klobuschinski, Lukas"]
[Result "1/2-1/2"]
[WhiteElo "1152"]
[BlackElo "1342"]
[PlyCount "69"]
[EventDate "2003.05.??"]
[EventType "swiss"]
[EventRounds "9"]
[EventCountry "GER"]
[SourceTitle "EXT 2005"]
[Source "ChessBase"]
[SourceDate "2004.11.15"]
[SourceVersion "1"]
[SourceVersionDate "2004.11.15"]
[SourceQuality "1"]

1. d4 d5 2. Nc3 Nf6 3. Nf3 g6 4. Bf4 Bd7 5. e3 Nc6 6. Bb5 Bg7 7. 0-0 0-0 8. Ne5 Nxe5 9. Bxe5 Bxb5 10. Nxb5 c6 11. Nc3 Nh5 12. Bxg7 Nxg7 13. e4 Rc8 14. Re1 e6 15. e5 f6 16. f4 fxe5 17. fxe5 Qb6 18. b3 Qa6 19. Qd3 Qxd3 20. cxd3 Nf5 21. Ne2 b5 22. Rf1 Ne3 23. Rxf8+ Rxf8 24. Re1 Nc2 25. Rc1 Ne3 26. Ng3 h5 27. Nf1 Nxf1 28. Rxf1 Rxf1+ 29. Kxf1 Kf7 30. h4 g5 31. g3 Kg6 32. Kf2 gxh4 33. gxh4 Kf5 34. Kf3 a6 35. b4 1/2-1/2

[Event "Gelsenkirchen-ch U16"]
[Site "Gelsenkirchen"]
[Date "2003.07.03"]
[Round "12"]
[White "Aulich, Marcell"]
[Black "Klobuschinski, Lukas"]
[Result "1/2-1/2"]
[WhiteElo "1500"]
[BlackElo "1342"]
[PlyCount "45"]
[EventDate "2003.05.??"]
[EventType "swiss"]
[EventRounds "9"]
[EventCountry "GER"]
[SourceTitle "EXT 2005"]
[Source "ChessBase"]
[SourceDate "2004.11.15"]
[SourceVersion "1"]
[SourceVersionDate "2004.11.15"]
[SourceQuality "1"]

1. e4 e5 2. Nf3 Nc6 3. Bc4 Nf6 4. Ng5 d5 5. exd5 Nxd5 6. Nxf7 Kxf7 7. Qf3+ Ke6 8. Nc3 Ncb4 9. a3 Nxc2+ 10. Kd1 Nd4 11. Bxd5+ Kd6 12. Qf7 Qe7 13. Ne4+ Kd7 14. Nc5+ Kd6 15. Nxb7+ Bxb7 16. Qxe7+ Bxe7 17. Bxb7 Rab8 18. Be4 Nb3 19. Rb1 Nxc1 20. Rxc1 Rxb2 21. Rc2 Rb1+ 22. Rc1 Rxc1+ 23. Kxc1 1/2-1/2

[Event "Ruhrgebiet-ch U14"]
[Site "Muelheim"]
[Date "2003.04.12"]
[Round "1"]
[White "Zemella, Christian"]
[Black "Klobuschinski, Lukas"]
[Result "1-0"]
[WhiteElo "1695"]
[BlackElo "1314"]
[PlyCount "106"]
[EventDate "2003.04.??"]
[EventType "swiss"]
[EventRounds "7"]
[EventCountry "GER"]
[SourceTitle "EXT 2005"]
[Source "ChessBase"]
[SourceDate "2004.11.15"]
[SourceVersion "1"]
[SourceVersionDate "2004.11.15"]
[SourceQuality "1"]

1. e4 c5 2. Nf3 e6 3. d4 cxd4 4. Nxd4 Nc6 5. Be3 g6 6. Be2 Bg7 7. c3 Nge7 8. 0-0 0-0 9. f4 d5 10. Bf3 e5 11. Nxc6 bxc6 12. Bc5 exf4 13. exd5 cxd5 14. Re1 Re8 15. Bxe7 Rxe7 16. Rxe7 Qxe7 17. Bxd5 Qc5+ 18. Kh1 Rb8 19. Bb3 Bb7 20. Qf1 Qc6 21. Nd2 Re8 22. Nf3 Ba6 23. Qf2 Qb6 24. Qxb6 axb6 25. Re1 Rd8 26. Ng5 Rd7 27. Nxf7 Rxf7 28. Re7 Kh8 29. Rxf7 Bh6 30. Rf6 Be2 31. Bd5 b5 32. b3 Kg7 33. Rf7+ Kh8 34. c4 bxc4 35. Bxc4 Bg4 36. a4 Bc8 37. a5 g5 38. a6 Bxa6 39. Bxa6 Kg8 40. Rd7 Bf8 41. Bc4+ Kh8 42. Bd3 Ba3 43. Rb7 h6 44. b4 Kg8 45. b5 Bd6 46. b6 Kf8 47. Rd7 Be5 48. b7 Ke8 49. Rd5 Bb8 50. Rc5 Kd8 51. Rc8+ Ke7 52. Rxb8 Kf6 53. Re8 Kf7 1-0